00976cam a2200277 i 4500001000500000005001700005020001800022040002300040050001300063082001100076100002500087245003600112250003600148260003600184300005900220490002000279505000800299520011700307521002300424521002000447650003100467906004500498942001500543999001500558952012500573381620240515082320.0 a9780307118387 aDLCcDLCdDLCbeng00aPZ7.M46200a823.9 1 aMayer, Mercerd1943-10aJust for you /cby Mercer Mayer aFirst Random House Edition 2003 aNew York :bGolden Press,c1975 a24 unnumbered pages : bcolor illustrations ; c21 cm. a Little Critter aG  aA little creature tries and tries to do something special for his mother but something always seems to go wrong. a390 bLexile AD  aG bRaz-Plus  1aMother and childxFiction. a7bcbccorignewd2eocipf19gy-gencatlg 2ddccBKn0 c3816d3816 00102ddc40708JUVFa001b001cTTPd2024-05-15l0oMAY 823.9 PZ7.M462pFISTK00861r2024-05-15 08:23:14w2024-05-15yBK